The builder of Modern India, Rabindranath Tagore / (Record no. 41177)

MARC details
000 -LEADER
fixed length control field 02039nam a22003257a 4500
005 - DATE AND TIME OF LATEST TRANSACTION
control field 20100811162111.0
010 ## - LCCN (DPL NO)
LC control number ENG-99801 B-462339-343 B-465404
020 ## - INTERNATIONAL STANDARD BOOK NUMBER
International Standard Book Number 9788189433246
Terms of availability 400.00
035 ## - SYSTEM CONTROL NUMBER
System control number EN-83333 B-462339-343 B-465404
037 ## - SOURCE OF ACQUISITION
Source of stock number/acquisition DBAD/PUB
037 ## - SOURCE OF ACQUISITION
Source of stock number/acquisition K.K.Pub/Ven
037 ## - SOURCE OF ACQUISITION
Source of stock number/acquisition Blue Berry/Ven
082 ## - DEWEY DECIMAL CLASSIFICATION NUMBER
Classification number 921
100 ## - MAIN ENTRY--PERSONAL NAME
Personal name Sinha, Madhubala
245 ## - TITLE STATEMENT
Title The builder of Modern India, Rabindranath Tagore /
Statement of responsibility, etc by Madhubala Sinha
260 ## - PUBLICATION, DISTRIBUTION, ETC. (IMPRINT)
Place of publication, distribution, etc Delhi
Name of publisher, distributor, etc Calibore Publishers
Date of publication, distribution, etc 2010
270 ## - ADDRESS
Address L-45, IInd Floor, Street No. 5 Shivaji Marg, Kartar Nagar
City Delhi
300 ## - PHYSICAL DESCRIPTION
Extent 208p.
Dimensions 21cm (Hb)
490 ## - SERIES STATEMENT
Series statement The builder of Modern India
-- 50601
942 ## - ADDED ENTRY ELEMENTS (KOHA)
Source of classification or shelving scheme Dewey Decimal Classification
Item type English Books
Classification part 921
Call number suffix TAG
Holdings
Withdrawn status Lost status Not for loan Collection code Home library Current library Date acquired Source of acquisition Cost, normal purchase price Full call number Barcode Copy number Cost, replacement price Koha item type
      Non-fiction Bawana Bawana 12/07/2012 K.K.Pub/1708/26.12.2011/25/18.01.2012/15.02.2012 400.00 921 TAG B-462342 1 400.00 English Books
      Non-fiction Central Library Central Library 12/07/2012 K.K.Pub/1708/26.12.2011/25/18.01.2012/15.02.2012 400.00 921 TAG B-462339 1 400.00 English Books
    Not For Loan Non-fiction D.B.Act.Division D.B.Act.Division 11/08/2010 DBAD / PUB 400.00 921 TAG EN-83333 1 400.00 English Books
  Written-off vide DLB M. No. 383 dt 16.05.19   Non-fiction Janak Puri Janak Puri 30/07/2012 Blue Berry/8195/30.11.2011/06/15.9.2011/22.3.2012 400.00 921 TAG B-465404 1 400.00 English Books
      Non-fiction Patel Nagar Patel Nagar 12/07/2012 K.K.Pub/1708/26.12.2011/25/18.01.2012/15.02.2012 400.00 921 TAG B-462340 1 400.00 English Books
      Non-fiction Sarojini Nagar Sarojini Nagar 12/07/2012 K.K.Pub/1708/26.12.2011/25/18.01.2012/15.02.2012 400.00 921 TAG B-462341 1 400.00 English Books
      Non-fiction Shahdara Branch Shahdara Branch 12/07/2012 K.K.Pub/1708/26.12.2011/25/18.01.2012/15.02.2012 400.00 921 TAG B-462343 1 400.00 English Books

© Delhi Public Library
Hit Counter
free hit counter